Responses for Show #8700 - Friday, September 16, 2022

Luigi de Guzman game 6. Emmett Stanton game 1.

Contestants

[<< previous game]

Emmett Stanton, a freelance writer from Baltimore, Maryland

Melissa Woodall, a homemaker from Fort Smith, Arkansas

Luigi de Guzman, an attorney from Arlington, Virginia (whose 5-day cash winnings total $140,700)

[next game >>]

Jeopardy! Round responses

HERSTORY
TEXTING ABBREV.
2022 GEOGRA-FEE
FREDS UP
MAGAZINE COVERS
HELP ME MOVE MY STUFF?
    $200 16
tea

Luigi
    $200 17
fear of missing out

Emmett
    $200 6
(Emmett: What is the [*] Ferry?)

Staten Island

Emmett
    $200 1
Mister Rogers

Luigi
    $200 21
Ukraine

Melissa
    $200 26
Gutenberg

Luigi
    $400 12
a coronavirus

Emmett
    $400 8
(Ken: Classic texting abbreviation we all love--[*].)

business as usual

Triple Stumper
    $400 7
Philadelphia

Melissa
    $400 2
Fred Astaire

Emmett
    $400 23
Muhammad Ali

Luigi
    $400 27
a bowler

Luigi
    $600 9
Sojourner Truth

Emmett
    $600 18
wish you were here

Luigi
    $600 13
(Ken: [*], Canada, that's right.)

Ottawa

Emmett
    $600 3
Fred Armisen

Emmett
    $600 22
National Geographic

Luigi
    $600 28
a Steinway

Emmett
    $1,000 10
Alexander the Great

Emmett
    $800 19
great minds think alike

Luigi
    $800 14
Yellowstone National Park

Emmett
    $800 4
Love Boat

Emmett
    $800 24
(Ken: Yeah, there's nobody else there.)

Neil Armstrong

Luigi
    $800 29
The Thinker

Melissa
    $1000 11
(St.) Bernadette (of Lourdes)

Triple Stumper
    $1000 20
story of my life

Emmett
    $1000 15
Dubai

Luigi
    $1000 5
Fred Thompson

Emmett
    $1000 25
(Luigi: What is Time?)

The New Yorker

LuigiEmmett
    $1000 30
(Emmett: What is a badger?)
(Melissa: What is an otter?)
(Luigi: What is, a, um... uh...)
...
(Ken: No harm, no foul.)
...
(Ken: Emmett has a $5,000 lead over Luigi. Has Luigi met his nemesis, his Waluigi, if you will?)
[Laughter]

a wolverine

LuigiMelissaEmmett
Triple Stumper

Scores at the first commercial break (after clue 15):

Luigi Melissa Emmett
$1,200 $400 $6,400

Scores at the end of the Jeopardy! Round:

Luigi Melissa Emmett
$3,200 $400 $8,200

Double Jeopardy! Round responses

BRITISH LITERATURE
MAGNETS!
THINK FAST
TELEVISION
EXPLORERS
BEYOND THE PALE
(Ken: These are responses that come alphabetically just after the word "pale".)
    $400 2
India

Emmett
    $400 26
north

Emmett
    $400 11
Ridgemont High

Luigi
    $400 10
(Ken: That's correct, and it premieres this Sunday on PBS.)

the Holocaust

Luigi
    $400 16
James Cook

Emmett
    $400 21
paleontology

Melissa
    $800 3
Kidnapped

Luigi
    $800 27
a horseshoe

Luigi
    $800 12
jai alai

Emmett
    $800 7
(Melissa: Who is Adams?)
(Ken: More specifically?)

John Adams

Melissa
    $800 17
Brazil

Luigi
    $800 22
a pallet

Luigi
    $1200 4
Hardy

Luigi
    $1200 28
an MRI

Emmett
    $1200 13
Fast Break

Luigi
    $1200 1
(Michael) Keaton

Luigi
    $3,000 18
(Luigi: [Sighs] Who is Erik the Red?)
(Ken: I'm afraid you were in the right family, but it's his son [*].)

Leif Erikson

Luigi
    $3,000 23
a palindrome

Luigi
    $1600 5
(Emmett: What is a Sandie?)
(Luigi: What is Walker?)

Lorna Doone

LuigiEmmett
Triple Stumper
    $1600 29
(Ken: That's correct, you beat Emmett to a train question.)

maglev

Melissa
    $1600 14
muscle fibers

Luigi
    $1600 9
Masterpiece Theatre

Melissa
    $1600 19
Edmund Hillary

Luigi
    $1600 24
a palmetto

Luigi
    $2000 6
Harold Pinter

Emmett
    $2000 30
a spectrum

Luigi
    $2000 15
a sailfish

Emmett
    $2000 8
(Elizabeth) Holmes

Luigi
    $2000 20
(Luigi: Uh, who is... um... uh... uh...

Balboa

LuigiEmmett
    $2000 25
(Melissa: What is pallistrade?)

a palisade

LuigiMelissa

Scores at the end of the Double Jeopardy! Round:

Luigi Melissa Emmett
$18,000 $2,800 $15,800

[wagering suggestions for these scores]

Final Jeopardy! Round responses

DISNEY SONGS
(Ken: ...from Lion King. You're close; you're a year off...)
...
(Ken: [To Emmett] From Aladdin, that is correct--a No. 1 hit for Peabo Bryson and Regina Belle.)
...
(Ken: [To Luigi] ...we'll see you in the Tournament of Champions next year.)
MelissaWhat is Can you feel the love tonight
$2,799
EmmettWhat... is 'A Whole New World'?
$10,000
LuigiWhat is A Whole New World?
$1,551
"A Whole New World"

Final scores:

Luigi Melissa Emmett
$19,551 $1 $25,800
2nd place: $2,000 3rd place: $1,000 New champion: $25,800

Game dynamics:

Coryat scores:

Luigi Melissa Emmett
$19,200 $2,800 $15,600
26 R
(including 1 DD),
5 W
(including 1 DD)
7 R,
2 W
22 R
(including 1 DD),
2 W

Combined Coryat: $37,600

[game clues] [game scores] [suggest correction]

Game tape date: 2022-08-02
The J! Archive is created by fans, for fans. Scraping, republication, monetization, and malicious use prohibited; this site may use cookies and collect identifying information. See terms. The Jeopardy! game show and all elements thereof, including but not limited to copyright and trademark thereto, are the property of Jeopardy Productions, Inc. and are protected under law. This website is not affiliated with, sponsored by, or operated by Jeopardy Productions, Inc. Join the discussion at JBoard.tv.